| 000 | 00611nam a22001937a 4500 | ||
|---|---|---|---|
| 005 | 20240718143857.0 | ||
| 010 | _aENG-140889 | ||
| 020 |
_c295.00 _a9788180389184 |
||
| 035 | _aEN-124421 | ||
| 037 | _bDBAD | ||
| 082 |
_a320.54 _221 |
||
| 100 |
_aBasu, Durga Das _968546 |
||
| 245 |
_aIntroduction to the Constitution of India/ _cBy Durga Das Basu |
||
| 250 | _a21 | ||
| 260 |
_aGurgaon _bLexis Nexis _c2013 |
||
| 270 |
_a14th Floor Building N0-10,Tower-B,DLF Cyber City Phase-II _bGurgaon (Haryana) _e122002 |
||
| 300 |
_axxvii,526p. _c24cm(pbk) _bill |
||
| 942 |
_2ddc _cEN _h320.54 _mBAS _e21 |
||
| 999 |
_c204184 _d204184 |
||